Catalog

Record Details

Catalog Search



Beethoven a džínsy  Cover Image Book Book

Beethoven a džínsy / Krystyna Siesicka ; z pol. orig. Beethoven a džinsy přel. Miroslav Novák ; il. Jiří Mocek

Siesicka, Krystyna, 1928- (Author). Mocek, Jiří, 1945- (Illustrator). Novák, Miroslav (Translator).

Summary:

Polská prozaička (nar. 1928) , která se ve svých knihách pro dorůstající mládež i dospělé zabývá tématem současné rodiny, zobrazuje v psychologickém románě generační spor mezi rodiči a dětmi, symbolizovaný na jedné straně vážnou hudbou, jako častým útočištěm dospělých, a na straně druhé džínsami, jako typickým oblečením mládeže současnosti.

Record details

  • Physical Description: 137 s. : il. ; 8°
  • Edition: 1. vyd.
  • Publisher: Praha : Práce, 1975

Content descriptions

General Note:
Obálka: Milan Albich
22000 výt.
Frontispice

Available copies

  • 1 of 1 copy available at Common Catalog SPOK.

Holds

  • 0 current holds with 1 total copy.
Show Only Available Copies
Location Call Number / Copy Notes Barcode Shelving Location Status Due Date
Jabok Library BL-1/S 424480022041 Beletrie Available -

LDR 01480nam a22003371 4500
001664
003CZ-PrJAB
00520220414080231.0
008971128s1975 xr cze
015 . ‡acnb000497759
020 . ‡q(Brož.) : ‡cKčs 11,00
035 . ‡a(CZ PrNK)bk197505527
035 . ‡a(OCoLC)85368247
040 . ‡aABA001 ‡bcze ‡cLIA001 ‡dABA001
0411 . ‡acze ‡hpol
080 . ‡a884-311.1 ‡2undef
1001 . ‡aSiesicka, Krystyna, ‡d1928- ‡7ola2003198047 ‡4aut
24510. ‡aBeethoven a džínsy / ‡cKrystyna Siesicka ; z pol. orig. Beethoven a džinsy přel. Miroslav Novák ; il. Jiří Mocek
250 . ‡a1. vyd.
260 . ‡aPraha : ‡bPráce, ‡c1975 ‡f(Mír 1)
300 . ‡a137 s. : ‡bil. ; ‡c
4901 . ‡aKamarád
500 . ‡aObálka: Milan Albich
500 . ‡a22000 výt.
500 . ‡aFrontispice
520 . ‡aPolská prozaička (nar. 1928) , která se ve svých knihách pro dorůstající mládež i dospělé zabývá tématem současné rodiny, zobrazuje v psychologickém románě generační spor mezi rodiči a dětmi, symbolizovaný na jedné straně vážnou hudbou, jako častým útočištěm dospělých, a na straně druhé džínsami, jako typickým oblečením mládeže současnosti.
7001 . ‡aMocek, Jiří, ‡d1945- ‡7jn99240000728 ‡4ill
7001 . ‡aNovák, Miroslav ‡4trl
830 0. ‡aKamarád
910 . ‡aABG312
901 . ‡a664 ‡bUnknown ‡c664 ‡tbiblio

Additional Resources